000 00638nam a2200205Ia 4500
001 b3062-25682 [4696]
003 IT-MiCISF
008 161014s9999||||xx |||||||||||||| ||und||
040 _aIT-MiCISF
_cIT-MiCISF
041 _ait
100 _aMattioli Vitaliano
245 0 _aLa difficile sessualità
_bDall'adolescenza al matrimonio
250 _a1a ed.
260 _aBologna
_bEdizioni Studio Domenicano
_c1993
300 _app. 189
500 _a / sessualità, cultura, corpo, bibbia, sviluppo-sessuale, rapporti-prematrimoniali, piacere, fidanzamento /
650 _asessualità
942 _cBK
957 _71
999 _a25682
_bsi
_g1
_c214347
_d214347